| 000 | 00750nam a2200241Ia 4500 | ||
|---|---|---|---|
| 003 | OSt | ||
| 005 | 20221006170027.0 | ||
| 006 | a|||||r|||| 00| 0 | ||
| 007 | ta | ||
| 008 | 221006b |||||||| |||| 00| 0 eng d | ||
| 024 | _a7,931 | ||
| 037 | _cDissertations | ||
| 040 |
_aFML _cFML _beng |
||
| 041 |
_2eng _aeng |
||
| 100 |
_aUshalakshmi Krishnamoorty Au. _9680961 |
||
| 110 | _aDelhi University. Faculty of Music and Fine Arts. Department of Music | ||
| 245 | 0 | _aThe commercial elements in the field of classical music | |
| 260 | _c1987 | ||
| 300 |
_a105 _ccm. |
||
| 700 | _aDelhi University. Faculty of Music and Fine Arts. Department of Music | ||
| 942 |
_cDIS _2CC |
||
| 999 |
_c1122769 _d1122769 |
||